Information technology decision support in the construction industry (Record no. 103586)
[ view plain ]
| 000 -LEADER | |
|---|---|
| fixed length control field | 01472cam a2200313 4500 |
| 001 - CONTROL NUMBER | |
| control field | J126204 |
| 008 - FIXED-LENGTH DATA ELEMENTS--GENERAL INFORMATION | |
| fixed length control field | 040514n1996 000 0 eng u |
| 035 ## - SYSTEM CONTROL NUMBER | |
| System control number | (Sirsi) u126204 |
| 041 ## - LANGUAGE CODE | |
| Language code of text/sound track or separate title | eng |
| 050 ## - LIBRARY OF CONGRESS CALL NUMBER | |
| Classification number | 690.0285 |
| -- | 18 |
| 100 ## - MAIN ENTRY--PERSONAL NAME | |
| Personal name | Gann, David |
| 245 ## - TITLE STATEMENT | |
| Title | Information technology decision support in the construction industry |
| Remainder of title | executive summary |
| Medium | [electronic resource] |
| 260 ## - PUBLICATION, DISTRIBUTION, ETC. | |
| Place of publication, distribution, etc. | [S.l.] |
| Name of publisher, distributor, etc. | SPRU |
| Date of publication, distribution, etc. | 1996 |
| 490 ## - SERIES STATEMENT | |
| Series statement | SPRU Special Report |
| 520 ## - SUMMARY, ETC. | |
| Summary, etc. | The executive summary of a report examining the development and use of IT-based decision support systems in the US construction industry. The report illustrates some of the main developments in enabling and applications technologies and identifies ways in which the decision making is changing in construction due to the implementation of new technologies. View at www.sussex.ac.uk/spru/. For full report see ISBN 0903622769. |
| 650 ## - SUBJECT ADDED ENTRY--TOPICAL TERM | |
| Topical term or geographic name entry element | UNITED STATES |
| 650 ## - SUBJECT ADDED ENTRY--TOPICAL TERM | |
| Topical term or geographic name entry element | CONSTRUCTION INDUSTRY |
| 650 ## - SUBJECT ADDED ENTRY--TOPICAL TERM | |
| Topical term or geographic name entry element | CONSTRUCTION PROCESSES |
| 690 ## - LOCAL SUBJECT ADDED ENTRY--TOPICAL TERM (OCLC, RLIN) | |
| Topical term or geographic name as entry element | MANAGEMENT-BUSINESS MANAGEMENT-INFORMATION MANAGEMENT |
| 700 ## - ADDED ENTRY--PERSONAL NAME | |
| Personal name | Hansen, Karen Lee |
| 700 ## - ADDED ENTRY--PERSONAL NAME | |
| Personal name | Bloomfield, David |
| 700 ## - ADDED ENTRY--PERSONAL NAME | |
| Personal name | Blundell, Derek |
| 700 ## - ADDED ENTRY--PERSONAL NAME | |
| Personal name | Crotty, Ray |
| 700 ## - ADDED ENTRY--PERSONAL NAME | |
| Personal name | Groak, Steven |
| 700 ## - ADDED ENTRY--PERSONAL NAME | |
| Personal name | Jarrett, Neil |
| 710 ## - ADDED ENTRY--CORPORATE NAME | |
| Corporate name or jurisdiction name as entry element | University of Sussex Science and Technology Policy Research Unit |
| 9 (RLIN) | 3058 |
| 856 ## - ELECTRONIC LOCATION AND ACCESS | |
| Uniform Resource Identifier | <a href="https://www.sussex.ac.uk/spru/research/kplib/archives/sr18">https://www.sussex.ac.uk/spru/research/kplib/archives/sr18</a> |
| Public note | View the executive summary on www.sussex.ac.uk |
| 942 ## - ADDED ENTRY ELEMENTS (KOHA) | |
| Suppress in OPAC | 0 |
| Withdrawn status | Lost status | Source of classification or shelving scheme | Damaged status | Not for loan | Home library | Current library | Shelving location | Date acquired | Total Checkouts | Full call number | Barcode | Date last seen | Copy number | Price effective from | Koha item type |
|---|---|---|---|---|---|---|---|---|---|---|---|---|---|---|---|
| Dewey Decimal Classification | Virtual | Virtual | Online | 14/05/2004 | ONLINE PUBLICATION | 126204-2001 | 06/08/2019 | 1 | 06/08/2019 | Book |